| 000 | 01079cam a2200313 a 4500 | ||
|---|---|---|---|
| 001 | 13382266 | ||
| 003 | mut | ||
| 005 | 20240606081312.0 | ||
| 008 | 031023s2003 ne b 000 0 eng | ||
| 010 | _a 2003504199 | ||
| 020 | _a9054543035 | ||
| 035 | _a(CaONFCNI)ny0141023 | ||
| 040 |
_aDLC _cmut _dDLC |
||
| 043 | _ae-ne--- | ||
| 050 | 0 | 0 |
_aKKM1572 _b.T35 2003 |
| 082 | 0 | 0 |
_a345.492 _222 |
| 100 | 1 | _aTak, P. J. P. | |
| 245 | 1 | 4 |
_aThe Dutch criminal justice system : _borganization and operation / |
| 250 | _a2nd rev. ed. | ||
| 260 |
_aMeppel : _bBoom Juridische Uitgevers ; _aDen Haag : _bMinisterie van Justitie : _bWetenschappelijk Onderzoek- en Documentatiecentrum, _c2003. |
||
| 300 |
_a127 p. ; _c23 cm. |
||
| 440 | 0 |
_aOnderzoek en beleid ; _v205 |
|
| 504 | _aIncludes bibliographical references. | ||
| 650 | 0 |
_aCriminal justice, Administration of _zNetherlands. |
|
| 650 | 0 |
_aCriminal law _zNetherlands. |
|
| 906 |
_a7 _bcbc _corigcop _d2 _encip _f20 _gy-gencatlg |
||
| 942 |
_2lcc _cBK |
||
| 999 |
_c14394 _d14394 |
||